[Event "SVM_Verbandsliga_West_2023-24"]
[Site "?"]
[Date "2023.09.24"]
[Round "2.6"]
[White "Vladimirow, Anguel"]
[Black "Liebe, Uwe"]
[Result "1-0"]
[WhiteElo "1856"]
[BlackElo "1786"]
[PlyCount "55"]
[EventDate "2023.09.24"]
[WhiteTeam "Brühler SK 3"]
[BlackTeam "SV Lendersdorf 1"]

1. g4 d5 2. Bg2 Bxg4 3. c4 Nf6 4. Qb3 Bc8 5. cxd5 Nbd7 6. d4 Nb6 7. e4 g6 8. Nc3 Bg7 9. Nge2 O-O 10. h4 e6 11. e5 Nfxd5 12. h5 Nxc3 13. bxc3 c5 14. hxg6 fxg6 15. Be4 c4 16. Qc2 Qe8 17. Ba3 Nd5 18. Bxf8 Bxf8 19. Kd2 Qf7 20. f4 Bd7 21. Rag1 Bg7 22. Rxh7 Nxf4 23. Rh4 Nxe2 24. Kxe2 Rf8 25. Ke1 Ba4 26. Qg2 Qe7 27. Rg4 Qa3 28. Qd2 1-0

[Event "SVM_Verbandsliga_West_2023-24"]
[Site "?"]
[Date "2023.09.24"]
[Round "2.7"]
[White "Diel, Alexander"]
[Black "Lichtblau, Ernst"]
[Result "0-1"]
[WhiteElo "1793"]
[BlackElo "1538"]
[PlyCount "88"]
[EventDate "2023.09.24"]
[WhiteTeam "SV Lendersdorf 1"]
[BlackTeam "Brühler SK 3"]

1. e4 c6 2. Nf3 d5 3. exd5 cxd5 4. d4 Nc6 5. Be3 Nf6 6. Bd3 g6 7. O-O Bg7 8. c3 O-O 9. Nbd2 b6 10. Re1 Qc7 11. Nf1 Bg4 12. Be2 e6 13. h3 Bxf3 14. Bxf3 Rac8 15. Ng3 Ne7 16. Qd2 Nf5 17. Bf4 Qd7 18. Re2 Nh4 19. Qd3 Nxf3+ 20. Qxf3 h5 21. Be5 Ne8 22. Rae1 Bxe5 23. Rxe5 Ng7 24. Qd3 h4 25. Nf1 Nf5 26. Qf3 Kg7 27. Qg4 Qd8 28. Nh2 Rh8 29. Nf3 Qf6 30. Ng5 Rc7 31. f4 Re7 32. Nf3 Kf8 33. Nd2 Rh5 34. Nf3 Nh6 35. Qxh5 gxh5 36. Rxh5 Nf5 37. Ng5 Qg6 38. Rh8+ Kg7 39. Rh7+ Kg8 40. c4 f6 41. Rxe7 Nxe7 42. Rxe6 Qb1+ 43. Kh2 Nf5 44. Rxf6 Ng3 0-1

[Event "SVM_Verbandsliga_West_2023-24"]
[Site "?"]
[Date "2023.09.24"]
[Round "2.8"]
[White "Kronseder, Michael"]
[Black "Klein-Uebbing, Niklas"]
[Result "0-1"]
[WhiteElo "1534"]
[BlackElo "1598"]
[PlyCount "70"]
[EventDate "2023.09.24"]
[WhiteTeam "Brühler SK 3"]
[BlackTeam "SV Lendersdorf 1"]

1. e4 e5 2. Nc3 Nc6 3. Bc4 Nf6 4. d3 Bc5 5. f4 d6 6. Nf3 exf4 7. Bxf4 O-O 8. Qe2 Be6 9. Be3 Bxc4 10. dxc4 Bxe3 11. Qxe3 Re8 12. O-O-O b6 13. Nd4 Nxd4 14. Qxd4 Re5 15. Rhe1 Qe7 16. Rd2 Re8 17. Rde2 c6 18. Kd2 Nd7 19. a3 Nc5 20. b4 Ne6 21. Qf2 Qg5+ 22. Qe3 Qg6 23. Rf2 {(=)} Ng5 24. Qg3 Nxe4+ 25. Nxe4 Rxe4 26. Qxg6 hxg6 27. Rfe2 Rxe2+ 28. Rxe2 Rxe2+ 29. Kxe2 f5 30. Ke3 g5 31. Kd4 g4 32. c5 dxc5+ 33. bxc5 bxc5+ 34. Ke5 g6 35. Kf6 f4 0-1

[Event "SVM_Verbandsliga_West_2023-24"]
[Site "?"]
[Date "2023.09.24"]
[Round "2.1"]
[White "Whitmire, James David"]
[Black "Kellerwessel, Ralf"]
[Result "1-0"]
[WhiteElo "1990"]
[BlackElo "1914"]
[PlyCount "116"]
[EventDate "2023.09.24"]
[WhiteTeam "PTSV Aachen 1"]
[BlackTeam "Tigerli Aachen 1"]

1. d4 Nf6 2. Nf3 g6 3. c4 Bg7 4. e3 O-O 5. h3 d6 6. Nc3 e5 7. dxe5 dxe5 8. Qxd8 Rxd8 9. Nxe5 Na6 10. Bd2 Nc5 11. O-O-O Nfe4 12. Nxe4 Nxe4 13. Nd3 Rxd3 14. Bxd3 Nxf2 15. Bb4 Nxh1 16. Rxh1 Be6 17. Kc2 Re8 18. Bc5 b6 19. Bd4 Bc8 20. c5 Bb7 21. Rh2 bxc5 22. Bb5 Be4+ 23. Kc1 c6 24. Bxg7 Kxg7 25. Ba4 Bd5 26. Kd2 Bxa2 27. Bxc6 Re6 28. Bf3 Rb6 29. Kc2 Bb3+ 30. Kd3 Be6 31. g4 Rb3+ 32. Ke4 Rb6 33. Kf4 f6 34. h4 Kf7 35. Ba8 Rd6 36. Rc2 c4 37. Bf3 Rb6 38. Be2 Rb4 39. e4 Ke7 40. Ke3 Kd6 41. Kf4 h6 42. Rd2+ Kc5 43. g5 hxg5+ 44. hxg5 f5 45. Ke5 c3 46. bxc3 Rxe4+ 47. Kf6 Re3 48. Bd3 f4 49. Bxg6 Bc4 50. Bf7 Re2 51. Rd4 Bxf7 52. Kxf7 Rg2 53. g6 f3 54. g7 f2 55. Rf4 a5 56. g8=Q Rxg8 57. Kxg8 a4 58. Rxf2 Kc4 1-0

[Event "SVM_Verbandsliga_West_2023-24"]
[Site "?"]
[Date "2023.09.24"]
[Round "2.2"]
[White "Schuller, Bernd"]
[Black "Esser, Thomas"]
[Result "0-1"]
[WhiteElo "1767"]
[BlackElo "2089"]
[PlyCount "86"]
[EventDate "2023.09.24"]
[WhiteTeam "Tigerli Aachen 1"]
[BlackTeam "PTSV Aachen 1"]

1. d4 Nf6 2. c4 g6 3. Nc3 d5 4. Nf3 Bg7 5. Bg5 Ne4 6. Bh4 Nxc3 7. bxc3 dxc4 8. Qa4+ Qd7 9. Qxc4 b6 10. e3 Ba6 11. Qb3 Bxf1 12. Kxf1 Nc6 13. Bg3 O-O 14. Ke2 Na5 15. Qb4 c5 16. dxc5 Rac8 17. Rhd1 Qf5 18. Rac1 Rxc5 19. Nd2 Rfc8 20. c4 h5 21. f3 Qe6 22. Ne4 Rxc4 23. Rxc4 Nxc4 24. Rd3 Bh6 25. Qb3 f5 26. Nd2 f4 27. Be1 fxe3 28. Nxc4 Qxc4 29. Qxc4+ Rxc4 30. Bc3 Kf7 31. a3 a6 32. g3 b5 33. f4 g5 34. fxg5 Bxg5 35. h4 Bh6 36. Bb4 Ke6 37. Rd8 Rc2+ 38. Ke1 Bg7 39. Rd3 e2 40. Re3+ Kf5 41. Bd2 Rxd2 42. Kxd2 Bh6 43. Kxe2 Bxe3 0-1

[Event "SVM_Verbandsliga_West_2023-24"]
[Site "?"]
[Date "2023.09.24"]
[Round "2.3"]
[White "Müller, Norbert"]
[Black "Wagner, Alfred"]
[Result "0-1"]
[WhiteElo "2051"]
[BlackElo "1754"]
[PlyCount "64"]
[EventDate "2023.09.24"]
[WhiteTeam "PTSV Aachen 1"]
[BlackTeam "Tigerli Aachen 1"]

1. d4 Nf6 2. c4 g6 3. Nc3 d5 4. cxd5 Nxd5 5. e4 Nxc3 6. bxc3 Bg7 7. Bc4 c5 8. Ne2 O-O 9. O-O cxd4 10. cxd4 Nc6 11. Be3 Na5 12. Bd3 Bg4 13. f3 Be6 14. Qa4 a6 15. Rac1 b5 16. Qb4 Bxa2 17. e5 Bxe5 18. Be4 Bd6 19. Qe1 Ra7 20. Bh6 Re8 21. Ra1 Bc4 22. Rxa5 Bxe2 23. Rf2 Bc7 24. Ra1 Bc4 25. Bc6 Qd6 26. Qe5 Qxe5 27. dxe5 Rd8 28. Be3 Bxe5 29. Re1 Bd4 30. Rd1 e5 31. f4 f6 32. fxe5 fxe5 0-1

[Event "SVM_Verbandsliga_West_2023-24"]
[Site "?"]
[Date "2023.09.24"]
[Round "2.4"]
[White "Greim, Roman"]
[Black "Schulten, Berthold"]
[Result "1-0"]
[WhiteElo "1776"]
[BlackElo "1883"]
[PlyCount "99"]
[EventDate "2023.09.24"]
[WhiteTeam "Tigerli Aachen 1"]
[BlackTeam "PTSV Aachen 1"]

1. e4 c5 2. Nf3 Nc6 3. d4 cxd4 4. Nxd4 g6 5. c4 Nf6 6. Nc3 d6 7. f3 Qb6 8. Nc2 Bg7 9. Rb1 O-O 10. Be3 Qd8 11. Be2 Be6 12. O-O a6 13. Qd2 Rb8 14. Bh6 Qc7 15. Bxg7 Kxg7 16. Nd5 Bxd5 17. cxd5 Ne5 18. Rfc1 Rfc8 19. Ne3 Qb6 {(=)} 20. Kh1 h5 21. h3 Kh7 22. g4 hxg4 23. Rxc8 Rxc8 24. hxg4 Kg7 25. Kg2 Rh8 26. Rc1 Ne8 27. Qc3 f6 28. g5 Kf7 29. f4 Nd7 30. Ng4 Qc5 31. Nh6+ Kg7 32. b4 Qxc3 33. Rxc3 fxg5 34. fxg5 Ne5 35. Rc8 Nf7 36. Nxf7 Kxf7 37. Bg4 Rf8 38. Rb8 Ng7 39. Rxb7 Ra8 40. a4 Kf8 41. Bd7 Kf7 42. Bc6 Rh8 43. b5 axb5 44. axb5 Rh4 45. Rb8 Rxe4 46. Kf3 Rb4 47. b6 Nf5 48. b7 Nd4+ 49. Ke3 Nf5+ 50. Kd3 1-0

[Event "SVM_Verbandsliga_West_2023-24"]
[Site "?"]
[Date "2023.09.24"]
[Round "2.5"]
[White "Klein, Gernot"]
[Black "Heiermann, Peter"]
[Result "1-0"]
[WhiteElo "1813"]
[BlackElo "1621"]
[PlyCount "109"]
[EventDate "2023.09.24"]
[WhiteTeam "PTSV Aachen 1"]
[BlackTeam "Tigerli Aachen 1"]

1. e4 e6 2. Qe2 Nc6 3. Nf3 d6 4. g3 e5 5. Bg2 Bg4 6. c3 Qd7 7. d3 h6 8. Be3 Nf6 9. Na3 Be7 10. Qc2 a6 11. h3 Bxf3 12. Bxf3 d5 13. Bg2 d4 14. cxd4 Bb4+ 15. Bd2 Nxd4 16. Qd1 Bxd2+ 17. Qxd2 Rd8 18. Rd1 b5 19. O-O Nh7 20. Nc2 Nxc2 21. Qxc2 Ng5 22. Kh2 O-O 23. Qc3 Qd6 24. f4 exf4 25. gxf4 Ne6 26. e5 Qd4 27. Qxd4 Rxd4 28. f5 Nc5 29. Rf3 Rfd8 30. Bf1 Re8 31. Re1 g6 32. Rg3 g5 33. Kg2 Rf4 34. Rf3 Rd4 35. Rfe3 Rf4 36. Rf3 Rd4 {(=)} 37. Ree3 Rd5 38. Rf2 Nd7 39. e6 fxe6 40. fxe6 Ne5 41. d4 Ng6 42. a4 c6 43. axb5 cxb5 44. Rf6 Nf4+ 45. Kf2 Rd6 46. Re4 Kg7 47. Rf7+ Kg6 48. Rexf4 gxf4 49. Bd3+ Kg5 50. Rf5+ Kh4 51. Rxf4+ Kg5 52. Rf5+ Kh4 53. Be2 Rf8 54. Rxf8 Kg5 55. e7 1-0

[Event "SVM_Verbandsliga_West_2023-24"]
[Site "?"]
[Date "2023.09.24"]
[Round "2.6"]
[White "Schrader, Bernd"]
[Black "Fournell, Udo"]
[Result "1/2-1/2"]
[WhiteElo "1569"]
[BlackElo "1788"]
[PlyCount "93"]
[EventDate "2023.09.24"]
[WhiteTeam "Tigerli Aachen 1"]
[BlackTeam "PTSV Aachen 1"]

1. e4 c5 2. Nf3 Nc6 3. Bc4 e6 4. O-O Nf6 5. d3 d5 6. exd5 exd5 7. Bb5 Be7 8. Ne5 Bd7 9. Nxd7 Qxd7 10. d4 O-O 11. Be3 a6 12. Be2 h6 13. c3 cxd4 14. cxd4 Ne4 15. Nc3 Rad8 16. a3 Rfe8 17. Bg4 Qd6 18. Qf3 Bf6 19. Rad1 Na5 20. Bf4 Qc6 21. Nxe4 Rxe4 22. Rc1 Nc4 23. b3 Rxf4 24. Qxf4 Bg5 25. Rxc4 dxc4 26. d5 Rxd5 27. Qxc4 Rc5 28. Qe2 Rc2 29. Qd3 Rc3 30. Qd1 b6 31. a4 a5 32. Bf3 Qf6 33. Bd5 Qf5 34. Bc4 Qf6 35. Qe2 g6 36. Qe8+ Kg7 {(=)} 37. Qe2 Bf4 38. g3 Bd6 39. Kg2 Bc5 40. Qg4 Qc6+ 41. f3 Rc2+ 42. Kh3 h5 43. Qf4 Qd7+ 44. g4 hxg4+ 45. fxg4 Bd6 46. Qf6+ Kh7 47. Rf2 1/2-1/2

[Event "SVM_Verbandsliga_West_2023-24"]
[Site "?"]
[Date "2023.09.24"]
[Round "2.7"]
[White "Münstermann, Peter"]
[Black "Terlaak, Michael"]
[Result "1/2-1/2"]
[WhiteElo "1782"]
[BlackElo "1511"]
[PlyCount "108"]
[EventDate "2023.09.24"]
[WhiteTeam "PTSV Aachen 1"]
[BlackTeam "Tigerli Aachen 1"]

1. d4 d5 2. c4 Nc6 3. Nc3 e6 4. Nf3 Nf6 5. Bg5 Be7 6. e3 O-O 7. Rc1 Bb4 8. a3 Bxc3+ 9. Rxc3 h6 10. Bh4 Re8 11. b4 g5 12. Bg3 Ne4 13. Rc1 f6 14. Nd2 Nxg3 15. hxg3 Kg7 16. Qh5 Rh8 17. Bd3 Qe8 18. b5 Ne7 19. Qxe8 Rxe8 20. cxd5 c6 21. d6 Nf5 22. Bxf5 exf5 23. bxc6 bxc6 24. Rxc6 Bd7 25. Rc7 Red8 26. O-O Kg6 27. Rb1 Be6 28. Rbb7 Rxd6 29. Rxa7 Rb8 30. Rc1 f4 31. Ne4 Rdb6 32. gxf4 gxf4 {(=)} 33. Rcc7 Rg8 34. Rab7 Ra6 35. Nc5 Rd6 36. Nxe6 Rxe6 37. d5 Ra6 38. Ra7 Rb6 39. Rcb7 Rd6 40. e4 Kg5 41. Rd7 Rb6 42. Rdb7 Rd6 43. f3 Kh4 44. Kf2 Rc8 45. Rc7 Rb8 46. Rc2 f5 47. Rac7 Rb3 48. R7c3 Rb1 49. Rd3 Ra1 50. e5 Rb6 51. d6 Rbb1 52. d7 Rf1+ 53. Ke2 Rfe1+ 54. Kd2 Red1+ 1/2-1/2

[Event "SVM_Verbandsliga_West_2023-24"]
[Site "?"]
[Date "2023.09.24"]
[Round "2.1"]
[White "Pick, Max"]
[Black "Bien, Stefan"]
[Result "1-0"]
[WhiteElo "1888"]
[BlackElo "2054"]
[PlyCount "115"]
[EventDate "2023.09.24"]
[WhiteTeam "SK Kerpen 1"]
[BlackTeam "SV Horrem 1"]

1. e4 c6 2. d4 d5 3. Nc3 dxe4 4. Nxe4 Bf5 5. Ng3 Bg6 6. Nf3 Nd7 7. h4 h6 8. Bc4 e6 9. h5 Bh7 10. Qe2 Ngf6 11. O-O Qc7 12. Ne5 Nxe5 {(=)} 13. dxe5 Nd7 14. f4 Bc5+ 15. Be3 Bxe3+ 16. Qxe3 Nb6 17. Bb3 Nd5 18. Bxd5 cxd5 19. c3 O-O 20. Ne2 Bf5 21. Rf3 f6 22. Nd4 Qf7 23. Nxf5 exf5 24. e6 Qxh5 25. Qd3 Rfd8 26. Re1 Rd6 27. c4 Qe8 28. cxd5 Rad8 29. Qxf5 Rxd5 30. Qc2 f5 31. Qc7 Rd2 32. Rg3 R2d7 33. Qe5 Re7 34. Qxf5 Qa4 35. Kh2 Qb4 36. Qe5 Qd4 37. f5 Qxe5 38. Rxe5 Kf8 39. Re2 Rd5 40. Rf3 Rc7 41. g4 Ke7 42. Kg3 Kf6 43. Rc3 Rxc3+ 44. bxc3 Ke7 45. Kf4 Rd3 46. Re3 Rd2 47. Re4 Rf2+ 48. Ke3 Rc2 49. Rc4 Kd8 50. Rd4+ Ke8 51. Kd3 Rc1 52. Kd2 Rg1 53. Ke3 Rg3+ 54. Kf2 Rxc3 55. Rd7 Kf8 56. Rf7+ Kg8 57. Rxb7 Kf8 58. Rxa7 1-0

[Event "SVM_Verbandsliga_West_2023-24"]
[Site "?"]
[Date "2023.09.24"]
[Round "2.2"]
[White "Hannaske, Arno"]
[Black "Vogel, Heike"]
[Result "1-0"]
[WhiteElo "2097"]
[BlackElo "1996"]
[PlyCount "95"]
[EventDate "2023.09.24"]
[WhiteTeam "SV Horrem 1"]
[BlackTeam "SK Kerpen 1"]

1. e4 c6 2. d4 d5 3. Nc3 dxe4 4. Nxe4 Nf6 5. Nxf6+ gxf6 6. c3 Bf5 7. Nf3 e6 8. g3 Bd6 9. Bg2 Nd7 10. O-O Be4 11. Qe2 f5 12. Ne5 Nxe5 13. dxe5 Bxg2 {(=)} 14. Kxg2 Be7 15. Rd1 Qc7 16. Bh6 Rg8 17. Rd2 Rg6 18. Bf4 Rd8 19. Rad1 Rxd2 20. Rxd2 Kf8 21. Qd3 h5 22. Qd7 Qb8 23. b4 h4 24. a3 hxg3 25. hxg3 c5 26. b5 b6 27. c4 Bg5 28. Bxg5 Rxg5 29. Qd8+ Qxd8 30. Rxd8+ Ke7 31. Ra8 f4 32. Rxa7+ Ke8 33. Rb7 fxg3 34. fxg3 Rg4 35. Rxb6 Rxc4 36. Ra6 Rc2+ 37. Kf3 Rb2 38. a4 c4 39. Rc6 Rb4 40. b6 Kd7 41. Rc7+ Kd8 42. a5 Rb5 43. Rxf7 c3 44. a6 c2 45. a7 c1=Q 46. a8=Q+ Qc8 47. Rf8+ Ke7 48. Rxc8 1-0

[Event "SVM_Verbandsliga_West_2023-24"]
[Site "?"]
[Date "2023.09.24"]
[Round "2.3"]
[White "Schauff, Lutz"]
[Black "Schulz, Wilhelm"]
[Result "1/2-1/2"]
[WhiteElo "1974"]
[BlackElo "2009"]
[PlyCount "31"]
[EventDate "2023.09.24"]
[WhiteTeam "SK Kerpen 1"]
[BlackTeam "SV Horrem 1"]

1. d4 Nf6 2. Nf3 e6 3. Bf4 c5 4. c3 Nc6 5. e3 d5 6. Nbd2 Bd6 7. Bg3 cxd4 8. exd4 O-O 9. Bd3 Re8 10. O-O Bxg3 11. hxg3 e5 12. dxe5 Nxe5 13. Nxe5 Rxe5 14. Re1 Rxe1+ 15. Qxe1 Be6 16. Nf3 {(=)} 1/2-1/2

[Event "SVM_Verbandsliga_West_2023-24"]
[Site "?"]
[Date "2023.09.24"]
[Round "2.4"]
[White "Allatif, Kinan"]
[Black "Schmitz, Rolf"]
[Result "0-1"]
[WhiteElo "1894"]
[BlackElo "1955"]
[PlyCount "86"]
[EventDate "2023.09.24"]
[WhiteTeam "SV Horrem 1"]
[BlackTeam "SK Kerpen 1"]

1. d4 d5 2. Bf4 Nf6 3. e3 e6 4. c3 c5 5. Nd2 Nc6 6. Ngf3 Bd6 7. Ne5 Bxe5 8. dxe5 Nd7 9. Qg4 g6 10. Bb5 Qb6 11. a4 a6 12. Bxc6 bxc6 13. Rb1 a5 14. Nf3 Ba6 15. Kd2 Qb3 16. Ng5 d4 17. exd4 cxd4 18. Qf3 Qxa4 19. Ne4 O-O 20. Nd6 Nc5 21. Bh6 Nb3+ 22. Ke1 Qa2 23. Qe4 Nc5 24. Qc2 Bd3 25. Qd1 Qxb1 26. Qxb1 Bxb1 27. Bxf8 dxc3 28. Bh6 cxb2 29. Nc4 Rb8 30. Kd2 Be4 31. Nxb2 Rxb2+ 32. Kc3 Rb1 33. Rxb1 Bxb1 34. Kc4 Nd3 35. Bd2 Nxe5+ 36. Kc5 a4 37. Bc3 Nd3+ 38. Kxc6 Nxf2 39. Kb5 Bc2 40. Kb4 Nd3+ 41. Kc4 a3 42. Ba1 Nc1 43. Kb4 Nb3 0-1

[Event "SVM_Verbandsliga_West_2023-24"]
[Site "?"]
[Date "2023.09.24"]
[Round "2.5"]
[White "Jakubczyk, Dietmar"]
[Black "Voigt, Ingrid"]
[Result "0-1"]
[WhiteElo "1795"]
[BlackElo "1926"]
[PlyCount "63"]
[EventDate "2023.09.24"]
[WhiteTeam "SK Kerpen 1"]
[BlackTeam "SV Horrem 1"]

1. Nf3 e6 2. e3 d5 3. b3 Nf6 4. Bb2 Be7 5. c4 c5 6. Be2 Nc6 7. d4 O-O 8. O-O Qc7 9. Nbd2 b6 10. Rc1 dxc4 11. Nxc4 Bb7 12. dxc5 bxc5 13. a3 Rad8 14. Qc2 Rd5 15. e4 Rd7 16. e5 Nd5 17. Nd6 Nxe5 18. Bxe5 Bxd6 19. Bxd6 Rxd6 20. Ng5 g6 21. Ne4 Rb6 22. Nxc5 Rc8 23. Qb2 Rc6 24. b4 Qe7 25. Bb5 R6c7 26. Nxb7 Rxc1 27. Rxc1 Qxb7 28. Rc2 Rb8 29. Rc3 Qxb5 30. Rc5 Qd3 31. h3 Rd8 32. a4 {Zeitüberschreitung von Weiß} 0-1

[Event "SVM_Verbandsliga_West_2023-24"]
[Site "?"]
[Date "2023.09.24"]
[Round "2.6"]
[White "Reinhardt, Ingo"]
[Black "Hartl, Jan"]
[Result "1/2-1/2"]
[WhiteElo "1775"]
[BlackElo "1377"]
[PlyCount "46"]
[EventDate "2023.09.24"]
[WhiteTeam "SV Horrem 1"]
[BlackTeam "SK Kerpen 1"]

1. e4 c6 2. d4 d5 3. e5 c5 4. c3 Nc6 5. Nf3 Bg4 6. Be2 Bxf3 7. Bxf3 e6 8. O-O Qb6 9. dxc5 Bxc5 10. Qe2 Qc7 11. Bf4 Nge7 12. Re1 Ng6 13. Bg3 Rd8 14. Nd2 O-O 15. Nb3 Bb6 16. Rad1 Qe7 17. Bh5 d4 18. Bxg6 hxg6 19. Nxd4 Nxd4 20. cxd4 Bxd4 21. h3 Qb4 22. b3 Rd5 23. Kh1 Rfd8 {(=)} 1/2-1/2

[Event "SVM_Verbandsliga_West_2023-24"]
[Site "?"]
[Date "2023.09.24"]
[Round "2.7"]
[White "Rahi, Zafar"]
[Black "Rechner, Klaus"]
[Result "0-1"]
[WhiteElo "1710"]
[BlackElo "2034"]
[PlyCount "102"]
[EventDate "2023.09.24"]
[WhiteTeam "SK Kerpen 1"]
[BlackTeam "SV Horrem 1"]

1. d4 Nf6 2. c4 e6 3. Nc3 Bb4 4. Nf3 b6 5. g3 Bb7 6. Bg2 c5 7. O-O cxd4 8. Qxd4 a6 9. a3 Be7 10. b4 O-O 11. Bb2 d6 12. Rac1 Nbd7 13. Nd1 Rc8 14. Ne3 Qc7 15. Rfd1 Rfd8 16. Ng4 Bf8 17. Nxf6+ Nxf6 18. Qd3 e5 19. Qd2 Qe7 20. e3 h6 21. Qe2 Nd7 22. e4 Nf6 23. Nd2 Bc6 24. f3 Qb7 25. Rc3 Bd7 26. Rdc1 Be6 27. Kh1 Nd7 28. Nf1 a5 29. Ne3 axb4 30. axb4 Ra8 31. Nd5 Ra2 32. R3c2 Rda8 33. Qd3 Qc6 34. Bf1 R8a7 35. Be2 Qa4 36. Nc3 Qxb4 37. Nxa2 Rxa2 38. Bc3 Rxc2 39. Qxc2 Qc5 40. Kg2 g6 41. Be1 h5 42. Bf2 Qc7 43. Qb2 Bh6 44. Rb1 Bxc4 45. Bxc4 Qxc4 46. Rd1 Bf8 47. Rc1 Qe6 48. Rc6 h4 49. g4 Nc5 50. Bxh4 Nd3 51. Rxb6 Nxb2 0-1

[Event "SVM_Verbandsliga_West_2023-24"]
[Site "?"]
[Date "2023.09.24"]
[Round "2.2"]
[White "Wendland, Guido"]
[Black "Johann, Lukas Martin"]
[Result "0-1"]
[WhiteElo "1824"]
[BlackElo "1898"]
[PlyCount "72"]
[EventDate "2023.09.24"]
[WhiteTeam "SF Brand 1"]
[BlackTeam "SG Kohlscheid 1"]

1. e4 c5 2. Nf3 e6 3. d4 cxd4 4. Nxd4 a6 5. Bc4 Nf6 6. f3 Qc7 7. Bb3 Bd6 8. g3 h5 9. Ne2 Nc6 10. Nbc3 h4 11. Bf4 Ne5 12. Rf1 hxg3 13. Bxg3 Nh5 14. Qd2 Nxg3 15. hxg3 Rh1 16. O-O-O Rxf1 17. Rxf1 b5 18. Qg5 Ng6 19. f4 Qc5 20. f5 Qe5 21. Qg4 Nf8 22. fxe6 dxe6 23. Qf3 Ra7 24. Nf4 Rc7 25. Qh5 Qxh5 26. Nxh5 Be5 27. Nd1 Bb7 28. Re1 Rc5 29. Nf4 Bf6 30. c3 Rg5 31. Re3 Be5 32. Nf2 Rxg3 33. Nd5 exd5 34. Re2 dxe4 35. Nxe4 Bxe4 36. Rxe4 f6 0-1

[Event "SVM_Verbandsliga_West_2023-24"]
[Site "?"]
[Date "2023.09.24"]
[Round "2.3"]
[White "Freer, Glenn"]
[Black "Bozidarevic, Slobodjan"]
[Result "1-0"]
[WhiteElo "1899"]
[BlackElo "1856"]
[PlyCount "69"]
[EventDate "2023.09.24"]
[WhiteTeam "SG Kohlscheid 1"]
[BlackTeam "SF Brand 1"]

1. e4 d6 2. Nc3 Nf6 3. d4 c6 4. f4 Qc7 5. Nf3 Bg4 6. h3 Bxf3 7. Qxf3 e5 8. Be3 Be7 9. Bc4 Nbd7 10. O-O a6 11. a4 O-O 12. a5 c5 13. dxe5 dxe5 14. f5 Nb8 15. g4 Nc6 16. g5 Nd4 17. Qf2 Nh5 18. Nd5 Qd6 19. c3 Nc2 20. Qxc2 Ng3 21. Rfd1 Kh8 22. Kg2 Nh5 23. Be2 g6 24. Bxh5 gxh5 25. Qe2 Bxg5 26. Bxg5 Rg8 27. h4 f6 28. Nb6 Qf8 29. Nxa8 fxg5 30. Qxh5 gxh4+ 31. Kh2 Qxa8 32. Rd7 Rg7 33. Rxg7 Kxg7 34. Rg1+ Kh8 35. Qh6 1-0

[Event "SVM_Verbandsliga_West_2023-24"]
[Site "?"]
[Date "2023.09.24"]
[Round "2.4"]
[White "Weischenberg, Jürgen"]
[Black "Kunstek, Walter"]
[Result "1-0"]
[WhiteElo "1825"]
[BlackElo "1850"]
[PlyCount "231"]
[EventDate "2023.09.24"]
[WhiteTeam "SF Brand 1"]
[BlackTeam "SG Kohlscheid 1"]

1. d4 d5 2. Nf3 c6 3. Bf4 Bg4 4. e3 Nd7 5. c4 e6 6. Qb3 Qb6 7. Ne5 Nxe5 8. Bxe5 Ne7 9. Bd3 f6 10. Bg3 Bf5 11. Qxb6 axb6 12. Ke2 Bxd3+ 13. Kxd3 dxc4+ 14. Kxc4 Nd5 15. Nd2 b5+ 16. Kb3 Nb6 17. Bc7 Na4 18. Ne4 Kd7 19. Bg3 Be7 20. Rac1 b6 21. Nc3 Ra6 22. Rhd1 Rha8 23. Nb1 b4 24. f3 b5 25. Nd2 Nb6 26. Ra1 Ke8 27. Bc7 Nd5 28. Bg3 Nxe3 29. Re1 Nd5 30. Rxe6 Kf7 31. Re2 Bf8 32. Ne4 h6 33. Nd6+ Bxd6 34. Bxd6 Rd8 35. Bc5 Rd7 36. g3 g5 37. Rae1 Ra8 38. Re6 Rc8 39. R1e2 Kg6 40. Re1 Kf7 41. R1e2 Kg6 42. Re8 Rdd8 43. Rxd8 Rxd8 44. Re6 Rc8 45. Bxb4 Kf5 46. Re2 h5 47. Bc5 Ra8 48. a3 Kg6 49. Re6 Rc8 50. Kc2 Kf7 51. Re2 Ra8 52. Kd3 Rh8 53. Re4 Rg8 54. Ke2 f5 55. Re5 Re8 56. Rxe8 Kxe8 57. Kd3 Kd7 58. Bf8 g4 59. fxg4 hxg4 60. Bc5 Ke6 61. b3 Kd7 62. Bf8 Kc7 63. Bg7 Kb6 64. Be5 Kb7 65. Bf4 Kb6 66. Bd2 Ka6 67. a4 Kb6 68. a5+ Ka6 69. b4 Kb7 70. Kc2 Kc8 71. Kb3 Nc7 72. Bf4 Na6 73. Bd6 Kd7 74. Bc5 Ke6 75. Kc3 Kd5 76. Kd3 Nc7 77. Ba7 Na6 78. Bc5 Nc7 79. Ke3 Ke6 80. Kf4 Kf6 81. Ke3 Ke6 82. Kf2 Kd5 83. Kg2 Ke4 84. h4 gxh3+ 85. Kxh3 Na6 86. Kg2 Kd5 87. Kf3 Ke6 88. Ke3 Nc7 89. Kf4 Kf6 90. Ke3 Ke6 91. Kf3 Kf6 92. Bd6 Na6 93. Kf4 Ke6 94. Bc5 Nc7 95. Kg5 Na6 96. Kg6 Nb8 97. Kg7 Na6 98. Kf8 Nc7 99. Kg8 Kf6 100. Bd6 Na6 101. Kf8 Ke6 102. Bc5 Nc7 103. Be7 Kd7 104. Kf7 Nd5 105. Bc5 f4 106. gxf4 Nxf4 107. a6 Kc7 108. Bd6+ Kxd6 109. a7 Nd5 110. a8=Q Kc7 111. Qa7+ Kd6 112. Qb8+ Kd7 113. Qe8+ Kc7 114. Qf8 Nc3 115. Qe7+ Kb8 116. Qc5 1-0

[Event "SVM_Verbandsliga_West_2023-24"]
[Site "?"]
[Date "2023.09.24"]
[Round "2.5"]
[White "Orlowski, Julius"]
[Black "Schülting, David"]
[Result "1-0"]
[WhiteElo "1806"]
[BlackElo "1810"]
[PlyCount "93"]
[EventDate "2023.09.24"]
[WhiteTeam "SG Kohlscheid 1"]
[BlackTeam "SF Brand 1"]

1. f4 d5 2. Nf3 e6 3. e3 f5 4. b3 Nf6 5. Bb2 Be7 6. Be2 c6 7. O-O O-O 8. Ne5 Bd7 9. g4 fxg4 10. Bxg4 Nxg4 11. Qxg4 Bf6 12. d3 Qe7 {(=)} 13. Rf2 Be8 14. Nd2 Nd7 15. Ndf3 Kh8 16. Rg2 a5 17. a4 b5 18. Nxc6 h5 19. Qg3 Qf7 20. Nce5 Qe7 21. axb5 Qc5 22. Bd4 Qxb5 23. Ng6+ Bxg6 24. Qxg6 e5 25. fxe5 Nxe5 26. Nxe5 Qe8 27. Qg3 h4 28. Ng6+ Kg8 29. Nxh4 Qe6 30. Ng6 Rf7 31. Nf4 Qf5 32. Ne2 Rc8 33. Rf1 Qxf1+ 34. Kxf1 Bh4+ 35. Qf4 Rxf4+ 36. Nxf4 Rc7 37. Nxd5 Rf7+ 38. Ke2 Kh7 39. e4 Kh6 40. Ne3 Rd7 41. Nf5+ Kh5 42. Nxg7+ Kh6 43. Nf5+ Kh5 44. h3 a4 45. bxa4 Bf6 46. Bxf6 Rg7 47. Nxg7+ 1-0

[Event "SVM_Verbandsliga_West_2023-24"]
[Site "?"]
[Date "2023.09.24"]
[Round "2.6"]
[White "Akingboye, Michael"]
[Black "Fainberg, Jakob"]
[Result "1-0"]
[WhiteElo "1651"]
[BlackElo "1774"]
[PlyCount "79"]
[EventDate "2023.09.24"]
[WhiteTeam "SF Brand 1"]
[BlackTeam "SG Kohlscheid 1"]

1. d4 d5 2. c4 e6 3. Nf3 Nf6 4. e3 g6 5. Nc3 Bg7 6. Be2 b6 7. a4 O-O 8. O-O Bb7 9. a5 Qc8 10. cxd5 Nxd5 11. Qb3 Rd8 12. Bd2 Na6 13. Rfc1 Qd7 14. Nb5 c6 15. axb6 axb6 16. Nc3 b5 17. Ne4 f5 18. Neg5 h6 19. e4 Ndc7 20. exf5 hxg5 21. fxg6 g4 22. Ng5 Qd5 23. Qg3 Qxd4 24. Bc3 Qd6 25. Qh4 Qe7 26. Qh7+ Kf8 27. Nf7 Bxc3 28. bxc3 Qf6 29. Nxd8 Rxd8 30. Rd1 Rd5 31. Rxd5 exd5 32. Rxa6 Nxa6 33. Qxb7 Nc5 34. Qc8+ Kg7 35. Qxg4 Qxc3 36. Qh5 Qc1+ 37. Bf1 Qh6 38. Qe5+ Kxg6 39. Qd6+ Kh5 40. Be2+ 1-0

[Event "SVM_Verbandsliga_West_2023-24"]
[Site "?"]
[Date "2023.09.24"]
[Round "2.7"]
[White "Stakenburg, Alexander"]
[Black "Naufal, Aqil Ainuddin"]
[Result "1/2-1/2"]
[WhiteElo "1758"]
[BlackElo "1657"]
[PlyCount "120"]
[EventDate "2023.09.24"]
[WhiteTeam "SG Kohlscheid 1"]
[BlackTeam "SF Brand 1"]

1. e4 c5 2. Nf3 d6 3. Bb5+ Nd7 4. O-O a6 5. Bd3 Ngf6 6. c3 Ne5 7. Nxe5 dxe5 8. Bc2 g6 9. d3 Bg7 10. f4 exf4 11. Bxf4 O-O 12. Nd2 Ng4 13. h3 e5 14. hxg4 exf4 15. Rxf4 Bh6 16. Qf3 Qd7 17. Bb3 Bxf4 18. Qxf4 Qxd3 19. Nf3 Qd7 20. Qf6 Qe8 21. Ng5 b5 22. Bd5 Ra7 23. Kf2 Qd8 24. Nxh7 Qxf6+ 25. Nxf6+ Kg7 26. g5 Re7 27. Rh1 Rh8 28. Rxh8 Kxh8 29. Kf3 Kg7 30. Kf4 Be6 31. b3 c4 32. b4 a5 33. a3 axb4 34. axb4 Kf8 35. Bc6 Ra7 36. Ke5 Ra2 37. g4 Rc2 38. Kd4 Rd2+ 39. Kc5 Rd3 40. Bxb5 Rxc3 41. Nd5 Rc1 42. Bxc4 Bxg4 43. b5 Be2 44. Ne3 Ke7 45. b6 Kd7 46. Kb5 Re1 47. Bxe2 Rxe2 48. Nd5 Kc8 49. Nf6 Kb7 50. Ne8 Rb2+ 51. Kc5 Rc2+ 52. Kd6 Rg2 53. Ke7 Rxg5 54. Kxf7 Re5 55. Nd6+ Kc6 56. b7 Kc7 57. Kf6 Rc5 58. Kxg6 Re5 59. Kf6 Rxe4 60. Nxe4 Kxb7 1/2-1/2